Gaming Quiz

Random Gaming or Pokémon Quiz
Score 0/8 Timer 01:30
4 Plays Today
% Correct
Hitmonlee
91.2%
Machop
90.6%
Machamp
90.4%
Hitmonchan
89.8%
Machoke
89.4%
Mankey
88.4%
Primeape
84%
Poliwrath
51.4%
Remove Ads.
Support Sporcle.
Get the best of Sporcle when you Go Orange. This ad-free experience offers more features, more stats, and more fun while also helping to support Sporcle. Thank you for becoming a member.

You're not logged in!

Compare scores with friends on all Sporcle quizzes.
OR
Log In

Show Comments

Extras

Top Quizzes Today


Score Distribution

Your Account Isn't Verified!

In order to create a playlist on Sporcle, you need to verify the email address you used during registration. Go to your Sporcle Settings to finish the process.

Report this User

Report this user for behavior that violates our Community Guidelines.

Details: